000 01066nmm a2200289 a 4500
001 ocm000660976
003 TR-IsHL
005 20201028142259.0
008 140104s2006 tu eng
007 cr cn
020 _a9789754981780
035 _a660976
_b(N$T)
050 0 4 _aDR435.A7
_bT47 2006
090 0 4 _aDR435.A7
_bT47 2006
100 1 _aTerzioğlu, Arslan
245 1 0 _aThe Armenian deportation based on national and foreign sources of information =
_bYerli ve yabancı kaynaklar ışığında Ermeni tehciri sorunu
_h[electronic resource] /
_cArslan Terzioğlu
260 _aİstanbul :
_bTürk Dünyası Araştırmaları Vakfı Yayınları,
_c2006
300 _a62 p.
650 4 _aTarih
650 4 _aHistory
650 0 _aErmeni sorunu
650 0 _aArmenian question
650 0 _aErmeniler
_x Türkiye
_x Tarih
650 0 _aArmenians
_x Turkey
_x History
650 7 _aHISTORY / Middle East / Turkey & Ottoman Empire
_2bisacsh
856 4 0 _uhttp://search.ebscohost.com/login.aspx?direct=true&scope=site&db=e011xww&AN=660976
999 _c8266
_d8266